[Event "Candidates Tournament"]
[Site "London"]
[Date "2013.03.17"]
[Round "3"]
[White "Svidler, Peter"]
[Black "Radjabov, Teimour"]
[Result "1-0"]
[WhiteElo "2747"]
[BlackElo "2793"]
[Annotator "Javakhadze,Z/Alejandro Ramirez"]
[PlyCount "109"]
[EventDate "2013.03.15"]
[EventType "tourn"]
[EventRounds "14"]
[EventCountry "ENG"]
[EventCategory "22"]
[SourceTitle "CBM 154"]
[Source "ChessBase"]
[SourceDate "2013.05.15"]
[SourceVersion "1"]
[SourceVersionDate "2013.05.15"]
[SourceQuality "1"]

1. d4 Nf6 2. c4 g6 3. Nc3 Bg7 4. e4 d6 5. f3 O-O 6. Be3 c5 7. Nge2 Nc6 8. d5
Na5 (8... Ne5 {is well known theory.}) 9. Ng3 a6 10. Be2 Nd7 $5 11. Rc1 b5 {
The game transferred to the Benko Gambit but with one big difference. You
don't usually meet the knight on a5 there. Another major difference is that
Black doesn't have a strong lead in development, as he usually has. On the
other hand White's knight on g3 might be misplaced.} 12. cxb5 axb5 13. Bxb5 Ne5
14. O-O Nac4 15. Bg5 Bd7 16. Bxd7 Qxd7 17. Qe2 Nxb2 $6 {A strange decision by
Radjabov. He obviously understimated the power of two pieces.} (17... h6 18.
Bf4 Rfb8 {leads to the typical Benko type of positions.} 19. b3 Na3 $1 {
And the blockade is hard to break through, while White has no active prospects
anywhere else on the board.}) 18. Qxb2 Nd3 19. Qd2 Nxc1 20. Rxc1 Bxc3 21. Rxc3
Rfb8 22. Qc2 f6 23. Bc1 Qa4 24. a3 {Svidler has protected all his weakneses
and now he will gradually improve the coordination of his pieces. The rest is
just a matter of technique.} Kf7 25. Nf1 Qxc2 26. Rxc2 f5 27. Nd2 Ra4 28. Nc4
fxe4 29. fxe4 Rb3 30. Kf2 Ke8 31. e5 Ra6 32. exd6 exd6 33. Ke2 Kd7 34. Bf4 h5
35. h4 Ra4 36. Kd2 Rb1 37. Kc3 Ra6 {White has achieved a nearly perfect setup:
his king controls c4, which cements the knight that beautifully attacks d6 and
defends a3. The rest is really easy for Svidler. Most accurate now was Rc1
since the trade of rooks is impossible, but anything really wins.} 38. Re2 (38.
Rc1 $1 Rxc1+ 39. Bxc1 Ra7 40. Bf4 {and White will give back the two pieces for
a rook on d6, and be up a pawn in a winning king and pawn endgame.}) 38... Rd1
39. Re6 Rxd5 40. Rxg6 Rd4 41. Bxd6 Rxh4 42. Ne5+ Kc8 43. Rg8+ Kb7 44. Bxc5 Re6
45. Rg7+ Kc8 46. Nc4 Rg4 47. Nd6+ Kb8 48. Rb7+ Ka8 49. Rd7 Rg8 50. Nc4 Rxg2 51.
Bd6 Rxd6 52. Nxd6 h4 53. Rh7 Rh2 54. Kb4 h3 55. Ka5 1-0

[Event "Candidates Tournament"]
[Site "London"]
[Date "2013.03.19"]
[Round "4"]
[White "Carlsen, Magnus"]
[Black "Grischuk, Alexander"]
[Result "1-0"]
[WhiteElo "2872"]
[BlackElo "2764"]
[Annotator "Postny,E"]
[PlyCount "73"]
[EventDate "2013.03.15"]
[EventType "tourn"]
[EventRounds "14"]
[EventCountry "ENG"]
[EventCategory "22"]
[SourceTitle "CBM 154"]
[Source "ChessBase"]
[SourceDate "2013.05.15"]
[SourceVersion "1"]
[SourceVersionDate "2013.05.15"]
[SourceQuality "1"]

1. e4 e5 2. Nf3 Nc6 3. Bb5 Nf6 4. d3 {Avoiding the "Berlin endgame".} Bc5 5. c3
{A few months ago Carlsen tried 5.Nc3, but achieved nothing against the world
champion.} (5. Nc3 d6 6. Na4 Bb6 7. Nxb6 axb6 8. c3 Bd7 9. Ba4 Ne7 10. Bc2 Ng6
11. h3 O-O 12. O-O h6 13. Re1 Re8 14. d4 Bc6 15. dxe5 dxe5 16. Qxd8 Rexd8 $11 {
1/2-1/2 (61) Carlsen,M (2848)-Anand,V (2775) London 2012}) 5... O-O 6. O-O d6
7. h3 a6 {This is more a challenging continuation, inviting White to spoil the
pawn structure, but to give up a good bishop. The solid alternative is to
transfer the knight to g6.} (7... Ne7 8. d4 Bb6 9. Re1 Ng6 10. Bd3 Re8 11. Qc2
c6 12. Be3 d5 (12... Nh5 $5 $11 {[%cal Gh5f4]}) 13. dxe5 Nxe5 14. Nxe5 Rxe5 15.
Bxb6 axb6 16. f4 Rh5 17. e5 Nd7 18. Qe2 Rh4 19. e6 Nc5 20. exf7+ Kxf7 21. Nd2
Nxd3 22. Qxd3 Rxf4 23. Qxh7 Bf5 24. Qh5+ Bg6 25. Qe5 Rf6 26. Nf3 Kg8 $11 {
1/2-1/2 (43) Adams,M (2725)-Anand,V (2780) Baden-Baden 2013}) 8. Bxc6 bxc6 9.
Re1 {Magnus decided not to hurry up with d3-d4 advance, but to complete the
development at first.} (9. d4 Bb6 10. Re1 h6 11. Qc2 (11. dxe5 dxe5 12. Qa4 $5
{[%cal Gb1d2,Gd2c4] is worth being checked in practice.}) 11... Re8 12. Nbd2
exd4 13. cxd4 c5 $11 {1-0 (55) Karjakin,S (2786)-Grischuk,A (2764) Moscow 2013}
) 9... Re8 10. Nbd2 d5 $6 $146 {This is strategically risky, as Black's pawn
structure will be permanently damaged.} (10... Bb6 11. Nf1 h6 12. Ng3 Be6 13.
Be3 Bxe3 (13... c5 14. d4 cxd4 15. cxd4 exd4 16. Bxd4 Rb8 {is playable for
Black.}) 14. Rxe3 c5 15. Qc2 Nd7 16. d4 cxd4 17. cxd4 exd4 18. Nxd4 $14 {
1-0 (55) Svidler,P (2741)-Navara,D (2706) Prague 2012}) 11. exd5 ({An
immediate counterstrike in the centre was also an option to consider:} 11. d4
dxe4 12. Nxe5 Qd5 13. Ndc4 (13. Qc2 Bd6 14. Ndc4 (14. Nxe4 $4 Nxe4 15. Qxe4
Qxe4 16. Rxe4 f6 $19) 14... c5 $132) 13... Bf8 14. Bg5 Nd7 {Black has
sufficient counterplay which compensates for his structural defects. His pair
of bishops is also a factor.}) 11... Qxd5 12. Nb3 Bf8 (12... Ba7 13. Be3 c5 {
is the engine suggestion, but it looks pretty ugly to close in the Ba7.}) 13.
c4 Qd6 14. Be3 Nd7 15. d4 e4 16. Nfd2 a5 17. a4 {Preventing any further
advance of Black's a-pawn and fixing it as a target.} f5 {From the strategic
point of view Black's position is very bad, but he has counterchances on the
kingside.} 18. c5 Qg6 $2 {This logical move is a serious mistake. It was
necessary to retreat to e6, covering the c4-square against the knight move.} (
18... Qe6 $1 19. Bf4 (19. Qc1 Nf6 20. Nc4 Nd5 $132) 19... Nf6 $1 {Black
shouldn't spend time on protecting the weak pawn.} 20. Bxc7 Nd5 (20... Qf7 21.
Be5 Be7 $44 {[%cal Gc8e6]}) 21. Be5 Qg6 (21... Nb4 22. f3 Nd3 23. fxe4 $1 Nxe1
24. Qxe1 fxe4 25. Qxe4 $14) 22. Nc4 f4 23. Kh2 f3 (23... Nb4 24. Nbd2 Nd3 25.
Nxe4 Nxe1 26. Qxe1 f3 27. gxf3 Bxh3 28. Kxh3 Qe6+ 29. Kg2 Qxc4 30. Qc3 $14) 24.
Rg1 Qh6 25. Qd2 Qh4 26. g4 Nf6 27. Ne3 g6 $44 {[%cal Gf8h6] An engine is not
really bothered by Black's kingside initiative, but a human player would
easily get frightened here as White.}) 19. Nc4 {[%csl Ra5]} (19. Bf4 Nf6 20.
Nc4 {leads to the same position as in our game.}) 19... Nf6 20. Bf4 (20. Ne5 $2
{would fall into a nasty exchange sacrifice:} Rxe5 $1 21. dxe5 Nd5 22. Qd2 Rb8
23. Nd4 f4 24. Bxf4 Bxc5 {All Black's pieces are very active, he gets the
material back.} 25. Rad1 Bb4 26. Qc1 Bxe1 27. Rxe1 Bxh3 28. Bg3 Bd7 $11) 20...
Nd5 21. Qd2 Be6 (21... Qf6 22. Nbxa5 Nxf4 23. Qxf4 Qxd4 24. b4 Be6 25. Rac1 $16
) 22. Nbxa5 Reb8 23. Ne5 Qf6 24. Bh2 ({It was possible to grab another pawn,
but probably after} 24. Naxc6 Nxf4 25. Qxf4 Rxb2 {Magnus was concerned about
the idea Be6-d5 trapping the Nc6.} {The engine finds the way to keep the
position winning by a subtle piece of tactics:} 26. Qc1 $1 Rb7 27. a5 Bd5 28.
Rb1 Rxb1 29. Qxb1 {and the knight is taboo in view of Qb3+.}) 24... Rxa5 {
A desperate tactical effort, but insufficient.} 25. Qxa5 Rxb2 26. Rab1 Ra2 27.
Qa6 {This way the queen can help in the defence. White just needs to
consolidate, his material advantage is enough for a win.} e3 (27... Nc3 28.
Rbc1 $18) 28. fxe3 Qg5 29. Re2 Nxe3 (29... Rxe2 30. Qxe2 Nc3 31. Qd3 Nxb1 32.
Nf3 Qh6 33. Bf4 Qh5 34. Qxb1 $18) 30. Nf3 Qg6 31. Rxa2 Bxa2 32. Rb2 Bc4 33. Qa5
Bd5 34. Qe1 $1 {Magnus is precise and merciless as usual, when it comes to the
technical part of the game.} f4 35. Bxf4 Nc2 36. Qf2 Bxf3 37. Rxc2 1-0

[Event "Candidates Tournament"]
[Site "London"]
[Date "2013.03.19"]
[Round "4"]
[White "Gelfand, Boris"]
[Black "Ivanchuk, Vassily"]
[Result "1/2-1/2"]
[WhiteElo "2740"]
[BlackElo "2757"]
[Annotator "Krasenkow,M"]
[PlyCount "70"]
[EventDate "2013.03.15"]
[EventType "tourn"]
[EventRounds "14"]
[EventCountry "ENG"]
[EventCategory "22"]
[SourceTitle "CBM 154"]
[Source "ChessBase"]
[SourceDate "2013.05.15"]
[SourceVersion "1"]
[SourceVersionDate "2013.05.15"]
[SourceQuality "1"]

1. d4 d5 2. c4 Nc6 3. Nf3 Bg4 4. Nc3 e6 5. Bf4 {This system doesn't look
dangerous for Black.} Bxf3 6. gxf3 Bb4 (6... Bd6 {is another way to develop
the bishop. An example from super-GM practice:} 7. Bg3 Nge7 8. e3 Qd7 9. Qc2 f5
10. Bxd6 Qxd6 11. O-O-O O-O 12. f4 a6 13. Kb1 Nd8 14. Rg1 c6 15. Ne2 Nf7 16.
Nc1 Nc8 17. Rg3 Qe7 18. c5 Qc7 19. Be2 Kh8 20. Rdg1 $36 {1/2 (62) Kramnik,V 
(2758)-Morozevich,A (2748) Frankfurt 2000}) 7. e3 Nge7 (7... Nf6 8. Rg1 $36) 8.
Qc2 dxc4 (8... Ng6 9. Bg3 O-O 10. O-O-O Rc8 11. Kb1 Bxc3 12. Qxc3 Nce7 13. Qb3
b6 14. cxd5 Nxd5 15. Ba6 Rb8 16. Bc4 Nf6 17. Qb5 Rc8 18. Qa4 a5 19. Ba6 Ra8 20.
Bd3 Qe7 21. Rc1 Rfc8 22. Rc6 $16 {0-1 (60) Margvelashvili,G (2456)
-Hambartsumian,Y (2305) Yerevan 2006}) 9. Bxc4 Nd5 (9... Nxd4 $4 10. exd4 Qxd4
11. Bb5+ c6 12. Be3 $16 {1-0 (36) Vybiral,Z (2179)-Prochazka,P (1985) Tabor
2007}) 10. Bg3 h5 (10... Qf6 {1-0 (37) Bremond,P (2108)-Boghossian,P (2126)
France 2004} 11. Ke2 $5) 11. h3 Qd7 12. O-O-O O-O-O 13. Ne4 Kb8 14. Kb1 (14.
Bb5 $5 $14 Nxd4 $140 $6 15. Bxd7 Nxc2 16. Ba4 {[%csl Rc2]}) 14... h4 15. Bh2
Bd6 16. f4 f5 17. Ng5 {A typical position with bishops vs. knights. White's
h2-bishop is passive, his doubled pawns give his opponent more blockading
possibilities but, on the other hand, Black's g7- and h4-pawns are quite weak.
The overall evaluation is rather slightly favourable for White.} Na5 18. Be2
Rc8 19. Qd2 Bb4 20. Qd3 c5 $5 {Opening the position normally favours the side
with the bishops but when one of the bishops is out of play, that concept can
be wrong. However, in this case everything is based on tactical niceties.} 21.
dxc5 Rxc5 22. e4 Rhc8 $3 {[%mdl 512]} 23. Rc1 $2 (23. exd5 Rxd5 24. Qf3 (24.
Qe3 $2 Nc4 25. Qb3 Nd2+ 26. Rxd2 Rxd2 $17) 24... Rxd1+ (24... Bd2 $5 $44 {
, indicated by GM M.Golubev, may be even more appropriate}) 25. Rxd1 Qxd1+ $1
26. Bxd1 Nc4 {- Black regains the queen, ends up with a rook and a pawn vs.
two minor pieces, and keeps good drawing chances due to White's poor h2-bishop.
}) 23... Nc4 $1 24. Rxc4 Rxc4 25. exd5 exd5 $2 {Black misses an excellent
chance:} (25... Rc2 $1 26. a3 (26. dxe6 $4 Qc6) (26. Rd1 Qc7 27. a3 Bxa3 $1 28.
bxa3 $140 Rc3) (26. Qxc2 Rxc2 27. Kxc2 Qxd5 28. Bf3 Qxa2) 26... Bxa3 $3 (26...
Rd2 $143 27. Qb5 Qxd5 $1 28. Qxd5 exd5 29. Bd1 Bc5 30. Nf3 Rxf2 31. Re1) 27.
bxa3 Qa4 (27... Qc7 $5) 28. Bd1 (28. dxe6 R2c3 $19) 28... Rc1+ 29. Ka2 Qa5 30.
dxe6 Qb6 31. Qb3 Qd4 32. Qb2 Qd5+ 33. Bb3 Qxh1 $19 {(indicated by M.Golubev)})
26. Qb3 Qc6 27. Bxc4 dxc4 28. Qf3 Qb5 {Black has a strong attack for the
missing piece but that proves to be just enough for a draw.} 29. Qe2 Re8 30.
Qc2 c3 {[%cal Re8e2]} 31. bxc3 (31. a4 {can only be risky for White:} Qc4 32.
b3 Qa6 {[%cal Re8e2]}) 31... Bxc3+ 32. Qb3 Qd3+ 33. Qc2 Qb5+ 34. Qb3 Qd3+ 35.
Qc2 Qb5+ 1/2-1/2

[Event "Candidates Tournament"]
[Site "London"]
[Date "2013.03.19"]
[Round "4"]
[White "Radjabov, Teimour"]
[Black "Kramnik, Vladimir"]
[Result "1/2-1/2"]
[WhiteElo "2793"]
[BlackElo "2810"]
[Annotator "Krasenkow,M"]
[PlyCount "100"]
[EventDate "2013.03.15"]
[EventType "tourn"]
[EventRounds "14"]
[EventCountry "ENG"]
[EventCategory "22"]
[SourceTitle "CBM 154"]
[Source "ChessBase"]
[SourceDate "2013.05.15"]
[SourceVersion "1"]
[SourceVersionDate "2013.05.15"]
[SourceQuality "1"]

1. d4 Nf6 2. c4 e6 3. Nc3 Bb4 4. e3 O-O 5. Bd3 d5 6. Nf3 dxc4 7. Bxc4 c5 8. O-O
cxd4 9. exd4 b6 10. Qe2 Bb7 11. Bg5 Bxc3 (11... Nbd7 12. Rac1 Qb8 $5 {- see
Gelfand - Kramnik in this issue.}) 12. bxc3 Nbd7 13. Rac1 Qc7 14. Bd3 (14. Nd2
Rfe8 15. f4 Ne4 16. Nxe4 Bxe4 17. Bb3 f5 18. Bh4 Rac8 19. c4 h6 20. Qe3 Kh7 21.
a4 Qc6 22. Rf2 a6 23. Ra1 Nf8 24. Rb2 Ng6 $132 {0-1 (41) Cordova,E (2539)
-Steingrimsson,H (2550) Khanty-Mansiysk 2010}) 14... Ng4 {One of many ways to
equalise in this harmless system. Practice has also seen:} (14... Rac8 15. c4
h6 $1 ({but not} 15... Bxf3 $2 16. Qxf3 {1/2 (49) Gelfand,B (2727)-Anand,V 
(2791) Moscow 2012 CBM 149 [Postny,E]} e5 17. Bf5 $16) 16. Bh4 Nh5 $11) (14...
Rfe8 15. Rfe1 Rac8 16. c4 h6 17. Bd2 Qd6 $5 18. Bc3 Ng4 19. h3 Bxf3 20. Qxf3
Qh2+ 21. Kf1 Ngf6 22. Qg3 Qxg3 23. fxg3 Red8 24. Red1 Re8 25. Re1 Red8 26. Red1
Re8 27. Re1 {1/2 (27) Wojtaszek,R (2721)-Meier,G (2650) Mulhouse 2011}) (14...
h6 $5 15. Bh4 (15. Bd2 Ng4) 15... Nh5 16. Qe3 Qf4 17. Be7 Rfe8 18. Ba3 Bxf3 19.
Qxf3 Qxf3 20. gxf3 Ndf6 21. Rfd1 {1/2 (21) Van der Stricht,G (2430)-Kveinys,A 
(2537) Charleroi 2007}) 15. Be4 Bxe4 16. Qxe4 Ngf6 17. Qe2 Rac8 18. c4 {
After quite a dull opening, a typical middlegame has arisen, with hanging
pawns and B+N vs 2N. It often arises from completely different openings like
the Sicilian with 2.c3. The position is equal although both sides can try to
outmanoeuvre their opponent. Once I managed to succeed against GM Sune Berg
Hansen but, of course, it is less likely at the super-GM level.} h6 19. Bh4 Qb7
20. Rfe1 Rfe8 21. a4 Qa6 22. Qa2 Rc6 23. Qb3 Rec8 24. Bxf6 (24. Nd2 Ne8 {
- White will have to exchange this knight on d6 anyway.}) 24... Nxf6 {The rest
consists of Black's fruitless attempts to get some winning chances.} 25. Ne5
Rd6 26. Red1 Rcd8 27. Qb4 Qc8 (27... Rxd4 28. Rxd4 Rxd4 29. Qe7 Qxa4 30. Qxf7+
$11) 28. Nf3 Ne4 {[%cal Ye4g5]} 29. h4 Nf6 30. a5 Ng4 31. axb6 axb6 32. Re1 Rc6
33. Qb5 Qc7 34. Re4 Rd5 35. Qb3 h5 36. Ree1 Rf5 37. Qd3 g6 38. Rc2 Qd6 39. Rd1
Rc8 40. Qe2 Rd8 41. Rcd2 Qc6 42. Rc2 Qc7 43. Rcd2 Rc8 44. Rc2 Ra5 45. Rdc1 Qd6
46. Qe4 Rf5 47. g3 Nf6 48. Qe3 Ng4 49. Qe4 Nf6 50. Qe3 Ng4 1/2-1/2

[Event "Candidates Tournament"]
[Site "London"]
[Date "2013.03.20"]
[Round "5"]
[White "Svidler, Peter"]
[Black "Gelfand, Boris"]
[Result "1/2-1/2"]
[WhiteElo "2747"]
[BlackElo "2740"]
[Annotator "Krasenkow,M"]
[PlyCount "62"]
[EventDate "2013.03.15"]
[EventType "tourn"]
[EventRounds "14"]
[EventCountry "ENG"]
[EventCategory "22"]
[SourceTitle "CBM 154"]
[Source "ChessBase"]
[SourceDate "2013.05.15"]
[SourceVersion "1"]
[SourceVersionDate "2013.05.15"]
[SourceQuality "1"]

1. d4 Nf6 2. c4 g6 3. Nc3 d5 4. cxd5 Nxd5 5. Bd2 Nb6 6. e3 Bg7 7. f4 $5 $146 {
[%mdl 8] Another example of a new tendency in super-GM preparation, which
worked brilliantly in Vladimir Kramnik's games against Grischuk, Svidler,
Gelfand: finding new ways at an early stage of the opening and working them
out. In fact, those ways may be quite harmless but the effect of surprise will
play the most important role. Of course, such a huge amount of work 
(essentially just for one or two games!) can only be afforded by top
professionals. The text move prevents ...e7-e5 but slightly compromises
White's centre. However, the usual way for Black to exploit that fact (...
c7-c5) is not very comfortable here.} O-O (7... c5 $5 8. dxc5 N6d7 9. Ne4 $1 {
etc. However, Boris Gelfand renounces ...c7-c5 altogether, certainly fearing
his opponent's preparation. That is one of the important psychological effects
of the above-mentioned concept: most likely, your opponent will opt for a side,
often second-rate line to evade your analysis, thus yielding you both a
positional and a psychological advantage.}) 8. Nf3 Bg4 (8... N8d7 $5 {[%cal
Yc7c5]}) 9. h3 Bxf3 10. Qxf3 c6 $6 ({Here, too,} 10... N8d7 {[%cal Yc7c5]
looks appropriate. White has a lot of possibilities, from} 11. h4 ({via} 11.
Ne4) ({to} 11. b4)) 11. h4 {[%mdl 128] No doubt now! When your opponent waives
counterplay in the centre, it is time for a flank attack!} N8d7 12. h5 e6 (
12... c5 13. hxg6 hxg6 14. Qh3 (14. d5 $5) 14... Re8 15. d5 Nf6 16. e4 $16) 13.
hxg6 hxg6 14. e4 {It was probably better to concentrate efforts on the
kingside:} (14. O-O-O f5 (14... Nf6 15. g4 Nbd5 16. Qh3 {etc.}) 15. g4 Nf6 16.
gxf5 gxf5 17. Rg1 {and only later e3-e4.}) 14... f5 15. g4 ({In the event of} 
15. e5 {Black holds on by means of} Kf7 {[%cal Yf8h8]}) 15... Nf6 16. gxf5 exf5
(16... gxf5 {was probably more accurate.}) 17. e5 Ng4 18. d5 $5 (18. Be3 Qe7
19. O-O-O $16 {was a simpler course. However, breaking through was still a
difficult task.}) 18... cxd5 19. O-O-O d4 20. Nb5 Qd5 21. Qh3 Rfc8+ {Black
misses a good defensive opportunity:} (21... Nf2 $1 22. Qh7+ Kf7 23. Nd6+ Qxd6
$1 24. exd6 Rh8 25. Re1 Rxh7 26. Rxh7 Ne4 {although White keeps some winning
chances after} 27. Ba5 Nxd6 28. Bg2) 22. Kb1 Rc6 23. e6 $2 {An absolutely
wrong sacrifice of this crucial pawn.} (23. Rc1 {was the simplest way to play})
(23. Nd6 {was a more complicated option but apparently clarifying the position
in White's favour:} Rxd6 24. exd6 Nf2 (24... Qxd6 25. Bg2 Nc4 26. Qb3 Qe6 27.
Qxb7 Rd8 28. Qc7 Re8 29. Bc6 $1 Nf2 $1 (29... Rc8 30. Bd5 $1) 30. Bxe8 Nxd2+
31. Rxd2 Qe4+ 32. Qc2 Qxh1+ 33. Qc1 Qe4+ 34. Ka1 Qxe8 35. Rxf2 $16) 25. Qh7+
Kf8 (25... Kf7 $2 26. Rc1 Qxd6 27. Rh6 {[%cal Rh6g6]} Rh8 28. Rc7+ $1 Qxc7 29.
Qxg6+ Kf8 30. Bb4+ $18 {(M.Notkin)}) 26. Qxg6 $1 Nxh1 (26... Qf7 27. Qxf7+ Kxf7
28. Bg2 $16) 27. Re1 $1 {[%cal Re1e7]} Qf7 {(M.Notkin)} 28. Qh7 Re8 $1 (28...
Ng3 $2 29. Bb4 Nd7 30. Re7) 29. Rxe8+ Kxe8 30. Qxh1 {with good winning chances.
}) 23... Qxe6 24. Bg2 Nf2 $1 {After this active move it is Black who plays for
a win.} 25. Qh7+ Kf7 26. Rde1 Qf6 27. Bxc6 bxc6 (27... Nxh1 $2 28. Bb4 $1 Rh8
29. Nd6+ Qxd6 30. Be8+ $1 Rxe8 31. Rxe8 $18 {(M.Notkin)}) 28. Nc7 Rh8 {The
simplest continuation.} (28... Ne4 $5 29. Rxe4 (29. Nxa8 $2 Nxd2+ 30. Kc1 d3
31. Re5 Nbc4) 29... fxe4 30. Nxa8 Nxa8 31. f5 $1 e3 32. fxg6+ Qxg6+ 33. Qxg6+
Kxg6 {(M.Notkin)} 34. Bb4 {, and White should not lose}) 29. Qxh8 (29. Re6 Rxh7
30. Rxf6+ Bxf6 31. Rxh7+ Kg8 32. Rh2 Ne4 33. Kc2 c5 34. b3 {may be a better
way for White to hold on.}) 29... Bxh8 30. Ne8 Nxh1 (30... Qd8 $1 31. Rxh8 Nd5
32. Rh7+ Kg8 33. Rg7+ Kf8 {[%cal Rf2e4]} 34. Rb7 $1 Qh4 $1 (34... Ne4 35. Rh1)
(34... Ne3 $5 35. Nc7 Qd7 $1 36. Rg1 $132) 35. Ng7 Ne4 36. Ne6+ {leads to a
complicated position, in which Black's chances are probably better; however,
Boris Gelfand understandably goes for a simpler option.}) 31. Nxf6 Ng3 (31...
Ng3 32. Nh7 $1 Ne4 33. Ng5+ Nxg5 34. fxg5 {with a roughly equal endgame.})
1/2-1/2